Normal view MARC view
  • Rius,

Entry Nombre Personal

Number of records used in: 20

001 - NUMERO DE CONTROL

  • campo de control: 28343

003 - IDENTIFICADOR DE NUMERO DE CONTROL

  • campo de control: UPN

005 - FECHA Y HORA DE LA ÜLTIMA TRANSACCIÓN

  • campo de control: 20240918102539.0

008 - DATOS DE LONGITUD FIJA

  • campo de control de longitud fija: nabaccnnaabn|||||||||| b |nc|||||d

035 ## - NUMERO DE CONTROL

  • Número de control: UPN11000000449

040 ## - FUENTE DE CATALOGACIÓN

  • Lenguaje de catalogación: SPA
  • Agencia de transcripción: UPN
  • Agencia original de catalogación: MX-MxUPN

100 0# - ENCABEZAMIENTO - NOMBRE PERSONAL

  • Nombre personal: Rius,
  • Fechas asociadas con el nombre: 1934-2017

400 1# - VEÁSE - NOMBRE DE PERSONA

  • Personal name: Río, Eduardo del,
  • Dates associated with a name: 1934-2017

400 1# - VEÁSE - NOMBRE DE PERSONA

  • Personal name: Río García, Eduardo del,
  • Dates associated with a name: 1934-2017

670 ## - FUENTE EN LA QUE SE LOCALIZARON DATOS

  • Cita de la fuente: LC

680 ## - NOTA PUBLICA DE ACCESO PÚBLICO

  • Frase explicativa de la referencia: Caricaturista, historietista y escritor mexicano

902 ## - CATALOGADOR

  • Catalogador: DAA/121007